Zitherschule
Uloženo v:
| Hlavní autor: | |
|---|---|
| Médium: | Kniha |
| Jazyk: | němčina |
| Vydáno: |
Leipzig
C.F. Peters
1921
|
| Témata: | |
| Tagy: |
Přidat tag
Žádné tagy, Buďte první, kdo vytvoří štítek k tomuto záznamu!
|
MARC
| LEADER | 00000nam a2200000 a 4500 | ||
|---|---|---|---|
| 001 | UCR8343 | ||
| 003 | CL-VaPUC | ||
| 008 | 980529e19210000GW |||||||||||||||||ger|d | ||
| 082 | 0 | 4 | |a 787.85 |b GUT |2 21 |
| 100 | 0 | |a Gutman, Friedrich |e author |9 410005 | |
| 245 | 1 | 0 | |a Zitherschule |
| 300 | |a 95 p | ||
| 942 | |c BK | ||
| 945 | |d 19980529 00:00:00 |a mvenant | ||
| 260 | |a Leipzig |b C.F. Peters |c 1921 | ||
| 650 | 7 | |a CITARA |2 CL-VaPUC |9 390069 | |
| 650 | 0 | |a Música |9 306269 | |
| 650 | 0 | |a Instrumentos de cuerda |9 373983 | |
| 650 | 0 | |a Partituras |9 342409 | |
| 583 | |a last modification |c 19980529 00:00:00 |k Rodrigo Vera | ||
| 999 | |c 269775 |d 269773 | ||
| 952 | |0 0 |1 0 |4 0 |6 787_850000000000000_GUT_1921 |7 0 |8 X |9 303762 |a FDOMLP |b FDOMLP |d 2019-11-20 |i 342569K |o 787.85 GUT 1921 |p 342569K |r 2019-11-20 |w 2019-11-20 |y BK_X |k BU2 | ||